| 000 | 01337nab a2200241 i 4500 | ||
|---|---|---|---|
| 001 | 768714001 | ||
| 003 | CO-MdFUSB | ||
| 005 | 20240516170053.0 | ||
| 008 | 240516t1972 sp ||||| |||| 00| 0 spa d | ||
| 040 |
_bspa _cCO-MdFUSB _dCO-MdFUSB |
||
| 041 | _aspa | ||
| 100 |
_aEyden, René van, _d1927- _eautor |
||
| 245 | 3 |
_aLa mujer en las funciones litúrgicas _c/ Rene Van Eyden ; traducido por Gilberto Gutiérrez |
|
| 520 | _aEn abril de 1971 estaban congregados los obispos canadienses en Ottawa, en su conferencia de primavera; al mismo tiempo se reunía allí la asamblea de mujeres de la Canadian Catholic Conference. Se aprovechó la ocasión para celebrar una reunión en la que se deliberara acerca del status de la mujer en la Iglesia. En esta reunión, en la que participaron 65 obispos y 60 mujeres, se presentó a los obispos un total de cincuenta recomendaciones. | ||
| 650 | 7 |
_aLiturgia _9206 |
|
| 650 | 2 |
_aSacramentos (Liturgia) _91174 |
|
| 650 | 0 |
_aMujeres _xAspectos religiosos _xCristianismo _9326 |
|
| 650 | 7 |
_aIglesia _9655 |
|
| 700 |
_aGutiérrez, Gilberto, _etraductor |
||
| 773 | 0 |
_049450 _982640 _oR2562 _tRevista internacional de teología Concilium _w(CO-MdFUSB)8 _x0210-1041 _gNúmero 72, (febrero, 1972), páginas: 213 - 231 _qpágina: 213 |
|
| 942 | _cANA | ||
| 945 | _aCatherine Arias Alvarez - Practicante SENA | ||
| 999 |
_c69758 _d69758 |
||